El estudiante endiablado (Record no. 68814)

MARC details
000 -LEADER
campo de control de longitud fija 01085nam a22002295i 4500
001 - NÚMERO DE CONTROL
campo de control 68814
003 - IDENTIFICADOR DE NÚMERO DE CONTROL
campo de control ES-MaACL
005 - FECHA Y HORA DE LA ÚLTIMA TRANSACCIÓN
campo de control 20250730063111.0
007 - CAMPO FIJO DE DESCRIPCIÓN FÍSICA--INFORMACIÓN GENERAL
campo de control de longitud fija t|
008 - DATOS DE LONGITUD FIJA--INFORMACIÓN GENERAL
campo de control de longitud fija 960828s1895 sp ||||1| spa d
100 1# - ENTRADA PRINCIPAL--NOMBRE DE PERSONA
Nombre de persona Ginard de la Rosa, Rafael,
Fechas asociadas al nombre 1848-1918
9 (RLIN) 57106
245 13 - MENCIÓN DEL TÍTULO
Título El estudiante endiablado
Resto del título : ópera cómica en un acto y en verso con motivo del cuento de Espronceda "El Estudiante de Salamanca" /
Mención de responsabilidad, etc. letra de Rafael Ginard de la Rosa y Angel de Laguardia ; música del maestro A. Vidal y Llimona.
260 ## - PUBLICACIÓN, DISTRIBUCIÓN, ETC.
Lugar de publicación, distribución, etc. Madrid :
Nombre del editor, distribuidor, etc. [s.n.],
Fecha de publicación, distribución, etc. 1895 (
Fabricante Imp. de la "Propiedad Intelectual")
300 ## - DESCRIPCIÓN FÍSICA
Extensión 34 p. ;
Dimensiones 20 cm.
490 1# - MENCIÓN DE SERIE
Mención de serie Galería de la " Propiedad Intelectual "
500 ## - NOTA GENERAL
Nota general Sólo incluye la letra.
700 1# - ENTRADA AGREGADA--NOMBRE PERSONAL
Nombre de persona Guardia, Ángel de la
9 (RLIN) 60305
700 1# - ENTRADA AGREGADA--NOMBRE PERSONAL
Nombre de persona Vidal y Llimona, Andrés,
Fechas asociadas al nombre 1844-1912
9 (RLIN) 133685
830 1# - PUNTO DE ACCESO ADICIONAL DE SERIE-TÍTULO UNIFORME
Título uniforme Galería de la " Propiedad Intelectual "
9 (RLIN) 230961
852 4# - LOCALIZACIÓN
Ubicación ES-MaACL
Número de control de estantería D-2525(1)
Nota libre - Enc. con otras obras
-- - Dedicatoria manuscrita de los autores a Manuel de La Fuente
-- - Legado Modesto Lafuente
Holdings
Estatus retirado Estado de pérdida Estado de daño No para préstamo Colección Biblioteca de origen Biblioteca actual Ubicación en estantería Fecha de adquisición Fuente de adquisición Total de préstamos Signatura topográfica completa Código de barras Visto por última vez Precio de reemplazo Tipo de ítem Koha
        Libros del s. XIX Biblioteca del Ateneo de Madrid Biblioteca del Ateneo de Madrid Sala Valle Inclán 17/01/2008     D-2525(1) 901072050 23/02/2023 23/02/2023 Libro impreso antiguo